| Поле | Название | Значение |
| |
Тип записи |
a |
| |
Библиографический уровень |
m |
| 001 |
Контрольный номер |
RU/SLIB/B/208768699 |
| 005 |
Дата корректировки |
20201206204252.3 |
| 010 |
Индекс ISBN |
__ |
| a |
ISBN |
5-224-04386-7 |
| d |
Цена |
118-50 |
| 101 |
Язык документа |
0_ |
| a |
Язык текста |
rus |
| c |
Язык оригинала |
rus |
| 200 |
Заглавие и сведения об ответственности |
1_ |
| a |
Заглавие |
Административно-территориальное устройство России |
| e |
Сведения, относящиеся к заглавию |
история и современность |
| f |
Первые сведения об ответственности |
Ин-т обществ. мысли ; под ред. А. В. Пыжикова |
| b |
Общее обозначение материала |
Текст |
| 210 |
Выходные данные |
__ |
| a |
Место издания |
М. |
| c |
Издательство |
ОЛМА-ПРЕСС |
| d |
Дата издания |
2003 |
| 215 |
Физическое описание |
__ |
| a |
Объем |
320 с. |
| 225 |
Серия |
__ |
| a |
Серия |
Архив |
| 330 |
Аннотация |
__ |
| a |
Аннотация |
Обобщены проблемы административно-территориального устройства России, начиная с Древнерусского государства и до последнего десятилетия ХХ века, когда особенно остро встал вопрос формирования новой системы управления, призванной обеспечить единство и территориальную целостность России, ее национальную независимость. |
| 606 |
Тематические рубрики |
__ |
| a |
Основная рубрика |
Право |
| z |
Хронологическая подрубрика |
9 в. ; 10 в. ; 11 в. ; 12 в. ; 13 в. ; 14 в. ; 15 в. ; 16 в. ; 17 в. ; 18 в. ; 19 в. ; 20 в. |
| y |
Географическая подрубрика |
Древняя Русь ; СССР ; Россия ; РФ ; Российская Федерация ; Российская империя |
| 606 |
Тематические рубрики |
__ |
| a |
Основная рубрика |
Конституционное (государственное) право в целом |
| 606 |
Тематические рубрики |
__ |
| a |
Основная рубрика |
История |
| 606 |
Тематические рубрики |
__ |
| a |
Основная рубрика |
История России в целом |
| 610 |
Ключевые слова |
__ |
| a |
Ключевые слова |
централизованное государства; государства; административно-территориальное устройство; бюрократизация; административная система; модернизация; реформы; национальные окраины; федерализм; местное управление; государственное управление |
| 686 |
Индексы других классификаций |
__ |
| a |
Классификационный индекс |
67.400.532(2) |
| 686 |
Индексы других классификаций |
__ |
| a |
Классификационный индекс |
63.3(2)-3 |
| 702 |
Вторичная интеллектуальная ответственность |
__ |
| a |
Фамилия |
Пыжиков |
| b |
Имя |
А. В. |
| 4 |
Код отношения |
Редактор |
| 801 |
Источник записи |
_0 |
| a |
Страна |
RU |
| b |
Организация |
Муниципальное бюджетное учреждение культуры "Централизованная библиотечная система" г. Сургут (Центральная городская библиотека им. А. С. Пушкина) |
| g |
Правила каталогизации |
КиК/Поспелова |
| 801 |
Источник записи |
_1 |
| a |
Страна |
RU |
| b |
Организация |
Муниципальное бюджетное учреждение культуры "Централизованная библиотечная система" г. Сургут (Центральная городская библиотека им. А. С. Пушкина) |
| g |
Правила каталогизации |
КиК/Поспелова |
| 852 |
Данные о местонахождении |
__ |
| j |
Шифр хранения |
67.400.532(2) |
| c |
Каталожный индекс |
67.400(2); 63.3(2)-3 |
| i |
Авторский знак |
А 31 |
| p |
Инвентарный номер |
04091013; 04091014; 04091015 |
| 901 |
Тип документа |
__ |
| t |
Тип документа |
m |
| 903 |
Характеристики (МАРС) |
__ |
| a |
Дата передачи |
20040830 |
| 990 |
Данные о заказе (DOS) |
__ |
| j |
Количество экземпляров (DOS) |
3 |
| t |
N записи в КСУ для И/У (DOS) |
200409 |